| 000 | 00589nam a2200241 a 4500 | ||
|---|---|---|---|
| 001 | 0001-1361 | ||
| 003 | ELIB.Books | ||
| 008 | 151028 2010 eng | ||
| 020 | _a0827227167 | ||
| 035 | _a(ELIB.Books)0001-1516 | ||
| 092 |
_a251 _bJet |
||
| 100 | _aJeter, Joseph R. | ||
| 245 | _aOne Gospel, Many Ears | ||
| 260 |
_aSt.Louis _bChalice Press _c2002 |
||
| 300 |
_a197 _c23 Cm |
||
| 500 | _aC/o Par Si Thu | ||
| 650 | _aPreaching | ||
| 856 |
_nKBTS: Library _uKBTS: Elib |
||
| 942 |
_2ddc _cBK |
||
| 990 | _a2 | ||
| 998 |
_cbat _e2015-10-28 |
||
| 999 |
_c11361 _d11361 |
||